Inorganic chemistry of qualitative analysis /

Bibliographic Details
Main Author: Clifford, Alan F.
Format: Book
Language:English
Published: Englewood Cliffs, N.J. : Prentice-Hall, 1961.
Series:Prentice-Hall chemistry series.
Subjects:

MARC

Tag First Indicator Second Indicator Subfields
LEADER 00000cam a2200000 4500
001 in00000650113
005 20210501063654.0
008 720215s1961 njua b 00000 eng
010 |a  61008161  
035 |a (OCoLC)00242427 
035 |9 ACX3309AM 
040 |a DLC  |c DEF  |d OCL  |d TXA  |d UtOrBLW 
049 |a TXAM  |c [906882] 
050 0 0 |a QD101  |b .C63 
082 0 |a 544 
100 1 |a Clifford, Alan F. 
245 1 0 |a Inorganic chemistry of qualitative analysis /  |c Illus. by Edward M. Blackwell. 
264 1 |a Englewood Cliffs, N.J. :  |b Prentice-Hall,  |c 1961. 
300 |a 515 pages :  |b illustrations ;  |c 24 cm. 
336 |a text  |b txt  |2 rdacontent 
337 |a unmediated  |b n  |2 rdamedia 
338 |a volume  |b nc  |2 rdacarrier 
490 1 |a Prentice-Hall chemistry series 
504 |a Includes bibliography. 
650 0 |a Analytical chemistry  |x Qualitative. 
650 0 |a Chemistry, Inorganic. 
830 0 |a Prentice-Hall chemistry series. 
999 |a MARS 
999 f f |s 4c062551-e5fa-38f4-9452-42cb4fbad03f  |i aa26da41-ffa3-3911-ad3b-e7da2f4cf42f  |t 0 
952 f f |p ric  |a Texas A&M University  |b Rellis Campus  |c Joint Library Facility  |d Remote Storage  |t 0  |e QD101 .C63  |h Library of Congress classification  |i unmediated -- volume  |m A14804681148 
998 f f |a QD101 .C63  |t 0  |l Remote Storage